000 01391nam a2200421 i 4500
001 9252
003 KOSZ 005
005 20200417111521.0
008 080916s1966 pl a f f 001 0 pol
015 _aPB 1966/3940
035 _a(PL-WaBN)b1982189x-48omnis_nlop
035 _ab1982189x
035 _a(OCoLC)749287541
035 _a(PL)b000001982189x
040 _aWA N
_cWA N
_dKOSZ 005/RW
046 _k1966
080 _a159.9
100 1 _aSzewczuk, Włodzimierz
_d(1913-2002)
_eAutor
245 1 0 _aPsychologia :
_bzarys podręcznikowy.
_nT. 2 /
_cWłodzimierz Szewczuk.
260 _aWarszawa :
_bPaństwowe Zakłady Wydawnictw Szkolnych,
_c1966.
300 _a467, [1] stron :
_bilustracje ;
_c25 cm.
336 _aTekst
_btxt
_2rdacontent
337 _aBez urządzenia pośredniczącego
_bn
_2rdamedia
338 _aWolumin
_bnc
_2rdacarrier
380 _aKsiążki
388 _a1901-2000
504 _aBibliografia na stronach [449]-454. Indeks.
580 _aT. 1 poz. 161/63
650 7 _aOsobowość
658 _aPsychologia
650 7 _aMetody
650 7 _aPsychologia
655 7 _aPodręcznik
710 2 _aPaństwowe Zakłady Wydawnictw Szkolnych
_4pbl
856 _uhttp://koha.tu.koszalin.pl/cgi-bin/koha/opac-detail.pl?biblionumber=9252
_yKatalog online BPK
942 _2UKD
_cKS
999 _c9252
_d9252